000 01249cam a22003737a 4500
001 4297
003 FISKH
005 20250814102220.0
008 131108r20091964nyua j 000 1 eng d
010 _a 2012418746
020 _a9780060097912 (pbk.)
020 _a0060097914 (pbk.)
035 _a(OCoLC)ocn391593006
040 _aTYV
_cTYV
_dTYV
_dZAC
_dSINLB
_dVP@
_dIJ5
_dDLC
_beng
042 _alccopycat
050 _aPZ7.B81422
082 _a813
100 1 _aBrown, Jeff,
_d1926-2003.
245 1 0 _aFlat Stanley :
_bhis original adventure! /
_cby Jeff Brown ; pictures by Macky Pamintuan.
250 _aFirst paperback edition,1996
260 _aNew York :
_billustrations ;
_c1964.
300 _a72, 5 pages :
_billustrations ;
_c20 cm
500 _aIncludes sneak peak at Flat Stanley: Stanley Flat Again.
505 _aM
520 _aAfter a bulletin board falls on Stanley while he is sleeping, he finds that being flat has its advantages.
521 _a550
_bLexile AD
521 _aM
_bRaz-Plus
650 0 _aHumorous stories.
650 1 _aHumorous stories.
700 1 _aPamintuan, Macky,
_eillustrations
906 _a7
_bcbc
_ccopycat
_d2
_encip
_f20
_gy-gencatlg
942 _2ddc
_cBK
_n0
999 _c4297
_d4297